000 00699cam a2200241 4500
005 20260322212040.0
008 data
010 _a72-76918
020 _a0465013163
020 _a9780465013166
040 _aDNLM
_cDNLM
041 0 9 _aeng
060 0 0 _aWM 30
_bB422c 1972
096 _aWM 30 B396c 1972
245 0 4 _aThe community mental health center :
_bstrategies and programs.
_cedited by Allan Beigel & Alan I. Levenson.
260 _aNew York,
_bBasic Books
_c[c1972]
300 _axvi, 426 p.
500 _aIncludes bibliographical references.
650 2 _aCommunity Mental Health Services
_zUnited States
700 1 _aBeigel, Allan.
700 1 _aLevenson, Alan I.,
_d1935-
001 data
999 _c939
_d939